The educational implications of social and economic change : report of a conference called by the schools counsil in preperation for raising the school leaving age
Saved in:
| Format: | Book |
|---|---|
| Language: | English |
| Published: |
London :
H.M.S.O,
1967
|
| Series: | Working Papers ;
; 12 |
| Subjects: | |
| Tags: |
Add Tag
No Tags, Be the first to tag this record!
|
MARC
| LEADER | 00000nam a2200000 i 4500 | ||
|---|---|---|---|
| 001 | 1/80544 | ||
| 008 | 960611s1967 eng d | ||
| 035 | |a 1990 |b 1 |c Δωρεά |l 10033471 | ||
| 040 | |a GR-MY-UA |b gre |e aacr | ||
| 041 | 0 | |a eng | |
| 082 | 0 | |a 379.23094 | |
| 245 | 1 | 4 | |a The educational implications of social and economic change : |b report of a conference called by the schools counsil in preperation for raising the school leaving age |
| 260 | |a London : |b H.M.S.O, |c 1967 | ||
| 300 | |a 90 p. | ||
| 490 | 1 | |a Working Papers |v ; 12 | |
| 650 | 0 | 0 | |a Education |z Great Britain |x Aims and objectives. |
| 650 | 0 | 0 | |a Educational planning |z Great Britain. |
| 830 | 0 | |a Working Papers ; |v ; 12 | |
| 852 | |a INST |b RHODES |e 19960611 |h 379.23094 EDU |p 005400003522 |q 005400003522 |t BK |y 0 | ||
| 909 | |a Ρ |b 017437 |c 1990 | ||